Представление документа в формате RUSMARC

ПолеНазваниеЗначение
  Тип записи a
  Библиографический уровень m
001 Контрольный номер RU/IS/BASE/570187555
005 Дата корректировки 20240207193803.4
010 Индекс ISBN __
d Цена 0 р. 14 к.
9 Тираж 20000 экз.
100 Данные общей обработки __
a Данные общей обработки 20180125d2018 ||| 0rusy0189 ca
101 Язык документа 0_
a Язык текста rus
102 Страна публикации __
a Страна публикации RU
105 Кодированные данные (монография) __
a Кодированные данные (монография) y###||||000|y
200 Заглавие и сведения об ответственности 1_
a Заглавие Возвращение зимнего друга
b Общее обозначение материала Текст
f Первые сведения об ответственности Н. А. Колесникова
210 Выходные данные 1_
a Место издания Москва
c Издательство Советская Россия
d Дата издания 1971
215 Физическое описание __
a Объем 76 с.
c Иллюстрации/тип воспроизводства ил.
d Формат 20 см.
606 Тематические рубрики 1_
a Основная рубрика Санный спорт
610 Ключевые слова 1_
a Ключевые слова зимние виды спорта
a Ключевые слова книги о спорте
a Ключевые слова зимний спорт
a Ключевые слова санный спорт
a Ключевые слова тренировки спортсменов
686 Индексы других классификаций __
a Классификационный индекс 75.719
2 Код системы rubbk
700 Автор _1
a Фамилия Колесникова
b Имя (инициалы) Наталья Александровна
801 Источник записи _0
a Страна RU
b Организация Ульяновская ОБДЮ
c Дата составления 20180125
g Правила каталогизации RCR
801 Источник записи _1
a Страна RU
b Организация Ульяновская ОБДЮ
c Дата составления 20180125
g Правила каталогизации RCR
852 Данные о местонахождении __
a Наименование организации Ульяновская ОБДЮ
i Авторский знак К 60
j Шифр хранения 75.719
901 Тип документа __
t Тип документа m
909 Создатель записи __
a Создатель записи Глинкина Н.П.
910 Корректоры записи __
a Корректор записи Глинкина Н.П.
919 __
a Глинкина Н.П.
c Глинкина Н.П.
938 Служебная информация __
a Имя БД MarkBase